|
|
|
|
| LEADER |
00000nam a2200000 a 4500 |
| 001 |
UCS1325 |
| 003 |
CL-VaPUC |
| 008 |
970509e19590000SP |||||||||||||||||spa|d |
| 082 |
0 |
4 |
|a 346.46
|b MAR
|2 21
|
| 100 |
|
|
|a Marín Pérez, Pascual
|e autor
|9 394983
|
| 245 |
1 |
0 |
|a Estudios sobre el derecho privado y sus transformaciones actuales
|
| 300 |
|
|
|a 842 p
|
| 942 |
|
|
|c BK
|
| 945 |
|
|
|d 19970509 00:00:00
|a paguirre
|
| 260 |
|
|
|a Barcelona
|b Bosch
|c 1959
|
| 650 |
|
0 |
|a Derecho civil
|9 255013
|
| 650 |
|
0 |
|a Derecho privado
|9 258243
|
| 650 |
|
0 |
|a Bienes
|9 255749
|
| 650 |
|
0 |
|a Obligaciones
|9 255578
|
| 650 |
|
0 |
|a Contratos
|9 255153
|
| 650 |
|
0 |
|a Derecho de familia
|9 255603
|
| 650 |
|
0 |
|a Derecho sucesorio
|9 255015
|
| 651 |
|
0 |
|a España
|9 254926
|
| 583 |
|
|
|a last modification
|c 19970509 00:00:00
|k Rodrigo Vera
|
| 999 |
|
|
|c 259421
|d 259419
|
| 952 |
|
|
|0 0
|1 0
|4 0
|6 346_460000000000000_MAR_1959
|7 0
|8 A
|9 284143
|a BIBDER
|b BIBDER
|d 2019-11-19
|i 187814K
|o 346.46 MAR 1959
|p 187814K
|r 2023-01-25
|w 2019-11-19
|y BK
|k DER
|